Lifeline earthquake engineering : (Record no. 550630)

000 -LEADER
fixed length control field 00940cam a2200193 a 4500
020 ## - INTERNATIONAL STANDARD BOOK NUMBER
International Standard Book Number 0784401012
082 00 - DEWEY DECIMAL CLASSIFICATION NUMBER
Classification number 624.1762
Author Mark LIF
-- L-39, P-198
245 10 - TITLE STATEMENT
Title Lifeline earthquake engineering :
Remainder of title proceedings of the Fourth U.S. Conference ; San Francisco, California, August 10-12, 1995 /
Statement of responsibility, etc. sponsored by the Technical Council on Lifeline Earthquake Engineering of the American Society of Civil Engineers ; edited by Michael J. O'Rourke.
260 ## - PUBLICATION, DISTRIBUTION, ETC.
Place of publication, distribution, etc. New York :
Name of publisher, distributor, etc. American Society of Civil Engineers,
Date of publication, distribution, etc. c1995.
300 ## - PHYSICAL DESCRIPTION
Extent x, 813 p. :
Other physical details ill., maps ;
Dimensions 22 cm.
490 1# - SERIES STATEMENT
Series statement Monograph / Technical Council on Lifeline Earthquake Engineering ;
526 ## - STUDY PROGRAM INFORMATION NOTE
Program name 0
Interest level 0
Reading level 0
Title point value 624_176200000000000_LIF
526 ## - STUDY PROGRAM INFORMATION NOTE
Program name 0
Interest level 0
Reading level 0
Title point value 624_176200000000000_LIF
650 #0 - SUBJECT ADDED ENTRY--TOPICAL TERM
Topical term or geographic name entry element Lifeline earthquake engineering
General subdivision Congresses.
9 (RLIN) 46768
650 #0 - SUBJECT ADDED ENTRY--TOPICAL TERM
Topical term or geographic name entry element MCE
9 (RLIN) 379
700 1# - ADDED ENTRY--PERSONAL NAME
Personal name O'Rourke, Michael J.
9 (RLIN) 47360
710 2# - ADDED ENTRY--CORPORATE NAME
Corporate name or jurisdiction name as entry element American Society of Civil Engineers.
9 (RLIN) 702
942 ## - ADDED ENTRY ELEMENTS (KOHA)
Source of classification or shelving scheme
Koha item type Book
Holdings
Withdrawn status Lost status Source of classification or shelving scheme Damaged status Not for loan Permanent Location Current Location Date acquired Total Checkouts Full call number Barcode Date last seen Price effective from Koha item type
          Military College of Engineering (MCE) Military College of Engineering (MCE) 11/18/2014   624.1762 LIF MCE-43589. 11/18/2014 11/18/2014 Book
          Military College of Engineering (MCE) Military College of Engineering (MCE) 11/18/2014   624.1762 LIF MCE-43592 11/18/2014 11/18/2014 Book
© 2023 Central Library, National University of Sciences and Technology. All Rights Reserved.